|
|
|
|
| LEADER |
00000nam0a2200000 4500 |
| 001 |
56884 |
| 005 |
20231101211629.0 |
| 035 |
|
|
|a (RuTPU)RU\TPU\book\59745
|
| 090 |
|
|
|a 56884
|
| 100 |
|
|
|a 20031013d1960 k y0rusy50 ca
|
| 101 |
0 |
|
|a rus
|
| 102 |
|
|
|a RU
|
| 105 |
|
|
|a a z 001zy
|
| 200 |
1 |
|
|a Радиоактивный изотоп йода J131
|f Л. С. Козырева-Александрова, Н. И. Темникова
|
| 210 |
|
|
|a Москва
|c Атомиздат
|d 1960
|
| 215 |
|
|
|a 22 с.
|c ил.
|
| 320 |
|
|
|a Библиогр.: с. 21-22.
|
| 606 |
1 |
|
|a Йод радиоактивный
|2 stltpush
|3 (RuTPU)RU\TPU\subj\13033
|9 39718
|
| 610 |
1 |
|
|a радиоактивность
|
| 610 |
1 |
|
|a изотопы
|
| 610 |
1 |
|
|a йод
|
| 610 |
1 |
|
|a техника безопасности
|
| 610 |
1 |
|
|a нейтроны
|
| 610 |
1 |
|
|a облучение
|
| 610 |
1 |
|
|a теллур
|
| 610 |
1 |
|
|a применение
|
| 610 |
1 |
|
|a извлечение
|
| 610 |
1 |
|
|a химические методы
|
| 610 |
1 |
|
|a носители
|
| 610 |
1 |
|
|a получение
|
| 675 |
|
|
|a 539.163:546.1
|v 3
|
| 700 |
|
1 |
|a Козырева-Александрова
|b Л. С.
|
| 701 |
|
1 |
|a Темникова
|b Н. И.
|
| 801 |
|
1 |
|a RU
|b 63413507
|c 20031013
|g PSBO
|
| 801 |
|
2 |
|a RU
|b 63413507
|c 20210621
|g PSBO
|
| 942 |
|
|
|c BK
|